Desentralisasi Dalam Perspektif Lokal (Record no. 12741)

000 -LEADER
fixed length control field 00427nam a2200145Ia 4500
020 ## - INTERNATIONAL STANDARD BOOK NUMBER
ISBN 979-96603-7-8
084 ## - OTHER CLASSIFICATION OF CALL NUMBER
Call Number (Nomor Katalog) 10146 ANO Gov Bo.1
100 ## - MAIN ENTRY--AUTHOR NAME
Personal name (Pengarang) Anonim
245 #0 - TITLE STATEMENT
Sub Title (Anak Judul) Desentralisasi Dalam Perspektif Lokal
260 ## - PUBLICATION, DISTRIBUTION, ETC. (IMPRINT)
Name of publisher (Nama Penerbit) Pustaka Percik
Year of publication (Tahun Terbit) 2004
300 ## - PHYSICAL DESCRIPTION
Number of Pages (Jumlah Halaman) xv + 191 halaman
650 ## - SUBJECT ADDED ENTRY--TOPICAL TERM
Topical Term (Topik 1) Government (Pemerintahan)
Relator term (Topik 2) G-O-V
Chronological subdivision (Topik 5) Desentralisasi Dalam Perspektif Lokal
942 ## - ADDED ENTRY ELEMENTS (KOHA)
Koha item type Books (Buku)
Holdings
Withdrawn status Lost status Damaged status Not for loan Permanent Location (Lokasi Permanen) Current Location (Lokasi Sekarang) Shelving location (Lokasi Rak) Date acquired Cost, normal purchase price (Harga Buku) Full call number (Nomor Katalog) Barcode Price effective from Koha item type (Jenis Koleksi)
        PIN Library PIN Library Bookshelf 03/26/2022 10.00 10146 ANO Gov Bo.1 1014601 03/26/2022 Books (Buku)